| 000 | 00889cam a22002653a 4500 | ||
|---|---|---|---|
| 001 | 9098 | ||
| 003 | PGUSA | ||
| 005 | 20140828083208.0 | ||
| 008 | 051001s2005||||xxu|||||s|||||000 | eng d | ||
| 040 |
_aPGUSA _beng |
||
| 042 | _adc | ||
| 050 | 4 | _aPA | |
| 100 | 1 |
_aRoss, John Wilson, _d1818-1887 |
|
| 245 | 1 | 0 |
_aTacitus and Bracciolini : _bThe Annals Forged in the XVth Century _h[electronic resource] / _cJohn Wilson Ross |
| 260 |
_bProject Gutenberg, _c2005 |
||
| 506 | _aPublic domain in the USA. | ||
| 516 | _aElectronic text | ||
| 653 | _aRome -- History -- Julio-Claudians, 30 B.C.-68 A.D. -- Historiography | ||
| 653 | _aLiterary forgeries and mystifications -- History -- To 1500 | ||
| 653 | _aBracciolini, Poggio, 1380-1459 | ||
| 653 | _aTacitus, Cornelius. Annales | ||
| 830 | 0 |
_aProject Gutenberg _v9098 |
|
| 856 | 4 | 0 | _uhttp://www.gutenberg.org/ebooks/9098 |
| 942 | _cEB | ||
| 999 |
_c238382 _d238382 |
||